00716nam a2200241 a 4500001001300000003000900013005001700022008004100039020002300080082001500103100002300118245006400141260003300205300000900238500003500247505001000282650003100292700002300323902000800346942000700354952009600361999001700457nice12345678IN_TiNIC20260116013201.0050524s1985 newa grp 000 0 eng  a088344X c34300a209.8bGUT aGutierrez, Custavo aWe Drink from Our Wellsb the Spiritual Journey of a People aNew YorkbOrbis Books c1985 a181p aincludes index and biblioraphy2 aIndex aChristianity-Latin America1 aGutierrez, Custavo bSRS cBK 00104070aHMIbHMId2007-06-14g343.00l0o209.8 GUTp015100r2007-06-14w2026-01-16yEB c10019d10019